Empirical design /

Bibliographic Details
Main Author: Hayes, Leslie David
Format: Book
Language:English
Published: Ithaca, N.Y. : Carpenter & co., 1915.
Subjects:

MARC

Tag First Indicator Second Indicator Subfields
LEADER 00000cam a2200000 4500
001 in00000044744
005 20151007075119.0
008 790606s1915 nyua 00000 eng
010 |a  15020647  
035 |a (OCoLC)05039369 
035 |9 AAF2662AM 
037 |c $1.00 
040 |a DLC  |c CLE  |d TXA  |d UtOrBLW 
049 |a TXAM  |c [48566] 
050 0 |a TJ230  |b .H43 
092 |a 621.81  |b H417e 
100 1 |a Hayes, Leslie David. 
245 1 0 |a Empirical design /  |c by Leslie D. Hayes ... 
264 1 |a Ithaca, N.Y. :  |b Carpenter & co.,  |c 1915. 
300 |a 1 page ., 105 pages :  |b illustrations (including tables) diagrams ;  |c 24 cm. 
336 |a text  |b txt  |2 rdacontent 
337 |a unmediated  |b n  |2 rdamedia 
338 |a volume  |b nc  |2 rdacarrier 
500 |a "This book has been planned especially to meet the needs of the second year students in the Department of machine design of Cornell university."--Pref. 
650 0 |a Machine design. 
999 |a MARS 
999 f f |s 324638ef-4ec5-3afb-8633-17e6c74fba54  |i e3e15ae6-501c-364b-bd88-a24a21f62fa3  |t 0 
952 f f |p ric  |a Texas A&M University  |b Rellis Campus  |c Joint Library Facility  |d Remote Storage  |t 0  |e TJ230 .H43  |h Library of Congress classification  |i unmediated -- volume  |m A14801042125 
998 f f |a TJ230 .H43  |t 0  |l Remote Storage